书目信息 |
| 题名: |
国际货物买卖法
|
|
| 作者: | 刘彤 编著 | |
| 分册: | ||
| 出版信息: | 北京 对外经济贸易大学出版社 2013 |
|
| 页数: | 355页 | |
| 开本: | 23cm | |
| 丛书名: | 英美法案例精选丛书 | |
| 单 册: | ||
| 中图分类: | D996.1 , D996.1:H31 | |
| 科图分类: | ||
| 主题词: | 国际贸易--贸易法--案例 , 国际法 | |
| 电子资源: | ||
| ISBN: | 978-7-5663-0765-1 | |
| 000 | 01194oam2 2200325 450 | |
| 001 | 1529658421 | |
| 005 | 20150604100744.17 | |
| 010 | @a978-7-5663-0765-1@dCNY47.00 | |
| 090 | @aD99@blt | |
| 096 | @aD99@blt | |
| 100 | @a20131212d2013 em y0chiy50 ea | |
| 101 | 0 | @achi@aeng |
| 102 | @aCN@b110000 | |
| 105 | @ay z 000yy | |
| 106 | @ar | |
| 200 | 1 | @a国际货物买卖法@b专著@e英文版@dThe international sales of goods@f刘彤编著@zeng@Aguo ji huo wu mai mai fa |
| 205 | @a2版 | |
| 210 | @a北京@c对外经济贸易大学出版社@d2013 | |
| 215 | @a355页@d23cm | |
| 225 | 2 | @a英美法案例精选丛书@e英文版 |
| 330 | @a本书共十五章,主要内容包括:概述、货物买卖法的适用范围、诚实信用与显失公平、合同成立与格式之争、口头证据规则与合同默示条款、合同的形式要件和美国的反欺诈法案、供给需求合同和价格待定合同、合同修改、合同免责、品质担保、卖方救济等。 | |
| 461 | 0 | @1001002749766 |
| 510 | 1 | @aInternational sales of goods@zeng |
| 606 | 0 | @a国际贸易@x贸易法@x案例 |
| 606 | 0 | @a国际法 |
| 690 | @aD996.1@v5 | |
| 690 | @aD996.1:H31@v4 | |
| 701 | 0 | @a刘彤@f(1973~)@4编著@Aliu tong |
| 801 | 0 | @aCN@b大连网信软件有限公司图书馆·11@c20150604 |
| 905 | @aZUCC@dD996.1:H31@e137=2 | |
| 国际货物买卖法:英文版=The international sales of goods/刘彤编著.-2版 .-北京:对外经济贸易大学出版社,2013 |
| 355页;23cm .-(英美法案例精选丛书:英文版 ) |
| ISBN 978-7-5663-0765-1:CNY47.00 |
| 本书共十五章,主要内容包括:概述、货物买卖法的适用范围、诚实信用与显失公平、合同成立与格式之争、口头证据规则与合同默示条款、合同的形式要件和美国的反欺诈法案、供给需求合同和价格待定合同、合同修改、合同免责、品质担保、卖方救济等。 |
| ● |
| 相关链接 |
|
|
|
|
正题名:国际货物买卖法
索取号:D996.1:H31/137=2
 
预约/预借
| 序号 | 登录号 | 条形码 | 馆藏地/架位号 | 状态 | 备注 |
| 1 | 06276509 | 262765092 | 第一样本阅览室/ [索取号:D996.1:H31/137=2] | 在馆 | |
| 2 | 06276510 | 262765109 | 第一借阅区/ [索取号:D996.1:H31/137=2] | 在馆 | |
| 3 | 06276511 | 262765118 | 第一借阅区/ [索取号:D996.1:H31/137=2] | 在馆 |